[Event "Vienna Advent op"]
[Site "Vienna"]
[Date "2022.12.10"]
[Round "6"]
[White "Zhang, Michelle1111"]
[Black "Thomas, Apolline"]
[Result "0-1"]
[WhiteElo "1694"]
[BlackElo "1945"]
[PlyCount "80"]
[EventDate "2022.12.05"]
[EventType "tourn"]
[EventRounds "7"]
[EventCountry "AUT"]
[SourceTitle "CBM 211 Extra"]
[Source "ChessBase"]
[SourceDate "2023.01.31"]
[SourceVersion "1"]
[SourceVersionDate "2023.01.31"]
[SourceQuality "1"]

1. e4 e5 2. Nf3 Nc6 3. Bc4 Nf6 4. d3 Be7 5. Nc3 d6 6. h3 0-0 7. 0-0 Na5 8. Bb3 a6 9. Re1 b5 10. Bg5 c6 11. Qd2 Qc7 12. Qe3 Re8 13. Nh2 Nxb3 14. axb3 b4 15. Ne2 d5 16. exd5 Nxd5 17. Qd2 f6 18. Bh4 c5 19. Bg3 Bd6 20. Nf1 Bb7 21. Ne3 Qc6 22. f3 Nxe3 23. Qxe3 f5 24. Qd2 Rad8 25. Nc1 Bc7 26. Qf2 f4 27. Bh2 Rd6 28. Kh1 Rg6 29. Bg1 Bb6 30. c3 Qd7 31. Ra4 Rh6 32. Kh2 Bc8 33. Qf1 Qf5 34. cxb4 Qg5 35. bxc5 Qg3+ 36. Kh1 Bxh3 37. gxh3 Rxh3+ 38. Qxh3 Qxh3+ 39. Bh2 Qxf3+ 40. Kg1 Bxc5+ 0-1

[Event "EU-Cup (Women) 26th"]
[Site "Mayrhofen"]
[Date "2022.10.03"]
[Round "1.4"]
[White "Thomas, Apolline"]
[Black "Balajayeva, Khanim Asad Qizi"]
[Result "0-1"]
[WhiteElo "1942"]
[BlackElo "2384"]
[PlyCount "60"]
[EventDate "2022.10.03"]
[EventType "team-swiss"]
[EventRounds "7"]
[EventCountry "AUT"]
[SourceTitle "CBM 210 Extra"]
[Source "ChessBase"]
[SourceDate "2022.11.30"]
[SourceVersion "1"]
[SourceVersionDate "2022.11.30"]
[SourceQuality "1"]
[WhiteTeam "Mulhouse Philidor (W)"]
[BlackTeam "Odlar Yurdu (W)"]
[WhiteTeamCountry "FRA"]
[BlackTeamCountry "AZE"]

1. e4 e5 2. Nf3 Nc6 3. Bb5 a6 4. Ba4 Nf6 5. 0-0 Be7 6. Qe2 b5 7. Bb3 0-0 8. c3 d5 9. d3 Re8 10. Rd1 Be6 11. Nbd2 Bf8 12. Nf1 h6 13. Ng3 Qd7 14. h3 Rad8 15. Be3 Qc8 16. a4 dxe4 17. Bxe6 exf3 18. Bxf7+ Kxf7 19. Qxf3 Re6 20. axb5 axb5 21. d4 exd4 22. cxd4 Nb4 23. Ra5 Qd7 24. Rc1 c6 25. Rca1 Qd5 26. Ra7+ Kg8 27. Qf4 Nc2 28. R1a6 Nxd4 29. Rb7 Ne2+ 30. Nxe2 Qd1+ 0-1

[Event "FRA-ch U18 Girls"]
[Site "Gonfreville"]
[Date "2016.??.??"]
[Round "7"]
[White "Thomas, Apolline"]
[Black "Bellahcene, Anissa"]
[Result "1-0"]
[WhiteElo "1948"]
[BlackElo "1798"]
[PlyCount "43"]
[EventDate "2016.04.22"]
[EventType "swiss"]
[EventRounds "9"]
[EventCountry "FRA"]
[SourceTitle "EXT 2019"]
[Source "ChessBase"]
[SourceDate "2018.10.10"]
[SourceVersion "1"]
[SourceVersionDate "2018.10.10"]
[SourceQuality "1"]

1. d4 d5 2. c4 c6 3. Nc3 e6 4. e4 Bb4 5. cxd5 cxd5 6. e5 Ne7 7. Nf3 Nbc6 8. Bd3 Bd7 9. 0-0 Qc7 10. Nb5 Qa5 11. a3 a6 12. axb4 Qxa1 13. Nc7+ Kf8 14. Nxa8 Nxb4 15. Nb6 Bc6 16. Bg5 Qa5 17. Nc8 Nxc8 18. Bd2 Qb6 19. Bb1 a5 20. Ng5 Qxd4 21. Qf3 Be8 22. Nxe6+ 1-0

[Event "FRA-ch U16 Girls"]
[Site "Saint Paul Trois Chateaux"]
[Date "2013.05.05"]
[Round "8"]
[White "Thomas, Apolline"]
[Black "Imperor, Lorene"]
[Result "0-1"]
[WhiteElo "1784"]
[BlackElo "1853"]
[PlyCount "92"]
[EventDate "2013.04.28"]
[EventType "swiss"]
[EventRounds "9"]
[EventCountry "FRA"]
[SourceTitle "CBM 154 Extra"]
[Source "ChessBase"]
[SourceDate "2013.06.25"]
[SourceVersion "2"]
[SourceVersionDate "2013.06.25"]
[SourceQuality "1"]

1. e4 c5 2. Nf3 Nc6 3. d4 cxd4 4. Nxd4 e5 5. Nb5 d6 6. N1c3 a6 7. Na3 b5 8. Nd5 Nge7 9. Bg5 h6 10. Bxb5 axb5 11. Nxb5 f6 12. Nxd6+ Qxd6 13. Nxf6+ Qxf6 14. Bxf6 gxf6 15. Qh5+ Kd8 16. c3 Be6 17. Qd1+ Kc7 18. b3 Ng6 19. g3 Bc5 20. b4 Bb6 21. a4 Bc4 22. Qf3 Nge7 23. a5 Ba7 24. 0-0-0 Rhf8 25. Rd2 f5 26. Rhd1 Be6 27. Rd6 fxe4 28. Qxe4 Bf5 29. Qc4 Rab8 30. b5 Rxb5 31. Qxb5 Rb8 32. Qf1 Rb1+ 33. Kd2 Rxd1+ 34. Qxd1 Kxd6 35. Ke2+ Kc7 36. Qa4 Nd5 37. Qc4 Kd6 38. a6 Na5 39. Qh4 Nxc3+ 40. Ke1 Ne4 41. Qxh6+ Kd5 42. f3 Nf2 43. Qd2+ Nd3+ 44. Kf1 Nc4 45. Qa2 Bh3+ 46. Ke2 Nc1+ 0-1

[Event "FRA-ch U16 Girls"]
[Site "Saint Paul Trois Chateaux"]
[Date "2013.05.04"]
[Round "7"]
[White "Auvray, Honorine"]
[Black "Thomas, Apolline"]
[Result "1-0"]
[WhiteElo "1838"]
[BlackElo "1784"]
[PlyCount "80"]
[EventDate "2013.04.28"]
[EventType "swiss"]
[EventRounds "9"]
[EventCountry "FRA"]
[SourceTitle "CBM 154 Extra"]
[Source "ChessBase"]
[SourceDate "2013.06.25"]
[SourceVersion "2"]
[SourceVersionDate "2013.06.25"]
[SourceQuality "1"]

1. e4 e5 2. Nf3 Nc6 3. d4 exd4 4. Bc4 Nf6 5. e5 d5 6. Bb5 Ne4 7. Nxd4 Bd7 8. Bxc6 bxc6 9. 0-0 Bc5 10. f3 Ng5 11. Be3 Qe7 12. Re1 0-0 13. Nc3 f6 14. Na4 Bb6 15. exf6 Qxf6 16. Nb3 Qg6 17. Kh1 Ne6 18. Nac5 Nxc5 19. Nxc5 Bf5 20. c3 Rae8 21. Qd2 Qd6 22. b4 Bc8 23. Re2 Re5 24. Bg1 Rh5 25. Qe3 Qg6 26. Qf2 Rg5 27. Rae1 h5 28. Re5 Rg4 29. Qd2 Rgf4 30. Be3 R4f5 31. Bd4 h4 32. Re7 R5f7 33. Rxf7 Qxf7 34. Nd3 h3 35. Ne5 Qe6 36. gxh3 Qxh3 37. Rg1 Bxd4 38. cxd4 Qf5 39. Qg2 Qf6 40. Qg6 Bh3 1-0

[Event "FRA-ch U16 Girls"]
[Site "Saint Paul Trois Chateaux"]
[Date "2013.05.01"]
[Round "4"]
[White "Haussernot, Cecile"]
[Black "Thomas, Apolline"]
[Result "1-0"]
[WhiteElo "2135"]
[BlackElo "1784"]
[PlyCount "100"]
[EventDate "2013.04.28"]
[EventType "swiss"]
[EventRounds "9"]
[EventCountry "FRA"]
[SourceTitle "CBM 154 Extra"]
[Source "ChessBase"]
[SourceDate "2013.06.25"]
[SourceVersion "2"]
[SourceVersionDate "2013.06.25"]
[SourceQuality "1"]

1. e4 e5 2. Nf3 Nc6 3. Bb5 a6 4. Ba4 Nf6 5. 0-0 b5 6. Bb3 Bc5 7. c3 d6 8. h3 0-0 9. d4 Bb6 10. Re1 h6 11. Be3 Re8 12. Nbd2 Bb7 13. d5 Ne7 14. Nh4 g5 15. Qf3 Kg7 16. Nf5+ Nxf5 17. Qxf5 Bc8 18. Qf3 Bxe3 19. Qxe3 Nh5 20. Bd1 Nf4 21. Nf1 Rh8 22. Qg3 h5 23. h4 f6 24. a4 Rb8 25. axb5 Rxb5 26. b4 Rh6 27. Ne3 Rg6 28. Kh2 Rb6 29. Rb1 Kf7 30. c4 Qg8 31. Rg1 Rg7 32. f3 Ng6 33. hxg5 Nf4 34. Qe1 fxg5 35. g3 Ng6 36. Nf5 Rh7 37. Bb3 Bxf5 38. exf5 Ne7 39. Qe4 Rxb4 40. Bc2 Rxb1 41. Rxb1 Kf6 42. Rg1 g4 43. f4 h4 44. fxe5+ dxe5 45. Re1 hxg3+ 46. Kxg3 Rh3+ 47. Kg2 Kg5 48. Qxe5 Nc8 49. f6+ Kh4 50. Qf4 Qf8 1-0

[Event "FRA-ch op-C"]
[Site "Pau"]
[Date "2012.08.25"]
[Round "11"]
[White "Thomas, Apolline"]
[Black "Dautheville, Simon"]
[Result "1-0"]
[WhiteElo "1699"]
[BlackElo "1782"]
[PlyCount "49"]
[EventDate "2012.08.14"]
[EventType "swiss"]
[EventRounds "11"]
[EventCountry "FRA"]
[SourceTitle "EXT 2014"]
[Source "ChessBase"]
[SourceDate "2013.11.20"]
[SourceVersion "1"]
[SourceVersionDate "2013.11.20"]
[SourceQuality "1"]

1. e4 c5 2. Nf3 d6 3. c3 Nf6 4. h3 Nc6 5. Bd3 a6 6. Bc2 Qc7 7. Qe2 e6 8. 0-0 Be7 9. d4 cxd4 10. cxd4 Bd7 11. Nc3 Rc8 12. Bd2 e5 13. dxe5 dxe5 14. Rac1 Be6 15. Be3 h6 16. Rfd1 Nb4 17. Ba4+ Nd7 18. Nd5 Nxd5 19. Rxc7 Nxc7 20. Nxe5 b5 21. Nxd7 Bxd7 22. Bb3 Bc6 23. Qg4 0-0 24. Bxh6 Bf6 25. Rd6 1-0